Introducción a las bases de datos en la biología comparada contemporánea (Registro nro. 1409)

Detalles MARC
000 -CABECERA
Campo de control 00756nam a2200217 a 4500
005 - FECHA Y HORA DE LA ULTIMA TRANSACCION
Campo de control 20191224041602.0
008 - ELEMENTOS DE LONGITUD FIJA—INFORMACION GENERAL
Campo de control 140227b1997 mx ||||| |||| 00| 0 spa d
040 ## - FUENTE DE CATALOGACIÓN
Agencia catalogadora original CO-BoIAVH
Agencia transcriptora CO-BoIAVH
041 ## - IDIOMA
Código de idioma para texto/pista de sonido o título separado Español
044 ## - PAÍS DE PUBLICACIÓN
País de publicación México
082 14 - NUMERO DE CLASIFICACION DECIMAL DEWEY
Número de clasificación 005.74
Número del ítem K81i
100 1# - ASIENTO PRINCIPAL--NOMBRE PERSONAL
Nombre personal Koleff Osorio, Patricia
9 (RLIN) 12139
245 10 - MENCION DE TITULO
Título Introducción a las bases de datos en la biología comparada contemporánea
260 ## - PUBLICACION, DISTRIBUCION, ETC. (PIE DE IMPRENTA)
Lugar de publicación, distribución, etc. México:
Nombre del editor, distribuidor, etc. Universidad Nacional Autónoma de Mexico. Facultad de Ciencias,
Fecha de publicación, distribución, etc. 1997.
300 ## - DESCRIPCION FISICA
Extensión 37 páginas
490 ## - MENCION DE SERIE
Mención de serie Publicaciones docentes del museo de zoología Alffonso L. Herrera"
Designación numérica/secuencial del volumen 1
650 ## - ASIENTO SECUNDARIO DE MATERIA - TERMINO TEMATICO
Término temático o nombre geográfico como elemento de entrada Biología comparada
9 (RLIN) 8064
650 ## - ASIENTO SECUNDARIO DE MATERIA - TERMINO TEMATICO
Término temático o nombre geográfico como elemento de entrada Sistemas de información
9 (RLIN) 73733
650 ## - ASIENTO SECUNDARIO DE MATERIA - TERMINO TEMATICO
Término temático o nombre geográfico como elemento de entrada Colecciones biológicas
9 (RLIN) 4146
942 ## - ELEMENTOS ADICIONALES (KOHA)
Tipo de ítem Folleto
Sistema de clasificación Dewey Decimal Classification
Existencias
Withdrawn status Lost status Sistema de Clasificación Damaged status No para préstamo Colección Inventariado Ubicación Permanente Ubicación actual Fecha de adquisición Fuente de Valor Valor Total Checkouts Número topográfico Inventario / Código de Barras Date last seen Ejemplar Price effective from Forma de adquisición Tipo de material
    Dewey Decimal Classification     General Inventariado 2017 Bogotá Bogotá 16/07/1999 Instituto 39000.00   LB-005.74 K81i 001949 04/12/2012 Ej. 1 04/12/2012 Donación Libro